000 00647nam a2200265Ia 4500
001 34433
005 20240114001729.0
007 ta
008 070220s1964 g b000 u 297 u
040 _aCotton College,Assam
041 _a297
082 _a922
_bV 659 N
100 _aVivekananda, .
245 0 _aNara- E- Haq /
_cVivekananda.
_hTextual Documents
250 _a1st ed. /
260 _aNew Delhi :
_bSwami Swahananda ,
_c1964.
300 _a3v.,90p. ;
_c22cm.
653 _aBiography
653 _aG-Biography
942 _2ddc
_cBK
999 _c34415
_d34415